Govt. of
Madhya Pradesh

हिमालय के महासू उपासकाें की अनूठी संस्‍कृति (Record no. 62081)

MARC details
000 -LEADER
fixed length control field 00578nam a22001577a 4500
003 - CONTROL NUMBER IDENTIFIER
control field macl
005 - DATE AND TIME OF LATEST TRANSACTION
control field 20200214154542.0
008 - FIXED-LENGTH DATA ELEMENTS--GENERAL INFORMATION
fixed length control field 200214b xxu||||| |||| 00| 0 eng d
040 ## - CATALOGING SOURCE
Transcribing agency macl
082 ## - DEWEY DECIMAL CLASSIFICATION NUMBER
Classification number 398
100 ## - MAIN ENTRY--PERSONAL NAME
Personal name नेगी,प्रो. गिरधर सिंह
9 (RLIN) 78215
245 ## - TITLE STATEMENT
Title हिमालय के महासू उपासकाें की अनूठी संस्‍कृति
260 ## - PUBLICATION, DISTRIBUTION, ETC. (IMPRINT)
Place of publication, distribution, etc. दिल्‍ली
Name of publisher, distributor, etc. मल्लिका बुक्‍स
Date of publication, distribution, etc. 2014
650 ## - SUBJECT ADDED ENTRY--TOPICAL TERM
Topical term or geographic name as entry element लोक साहित्‍य
9 (RLIN) 49621
942 ## - ADDED ENTRY ELEMENTS (KOHA)
Source of classification or shelving scheme
Koha item type Hindi Books

No items available.